| 000 | 00822nam a2200253 i 4500 | ||
|---|---|---|---|
| 001 | bg | ||
| 100 | 1 | _aSzewczyk, Mirosława. | |
| 245 | 1 | 0 |
_aStatystyka - materiały do wykładów i ćwiczeń : _bskrypt dla studentów / _cMirosława Szewczyk, Katarzyna Widera. |
| 260 |
_aOpole : _bOficyna Wydawnicza Politechniki Opolskiej, _c2007. |
||
| 300 |
_a147 s. : _bil. ; _c24 cm. |
||
| 490 | 1 |
_aSkrypt / Politechnika Opolska, _x1427-9932 ; _vnr 280 |
|
| 504 | _aBibliogr. s. 146-147. | ||
| 650 | 9 | _aStatystyka matematyczna | |
| 655 | _aPodręczniki akademickie | ||
| 700 | 1 | _aWidera, Katarzyna. | |
| 830 | 0 |
_aSkrypt - Politechnika Opolska _vnr 280 |
|
| 015 | _aPB 9894/2008 | ||
| 040 | _cBPK | ||
| 041 | 0 | _apol | |
| 044 | _aPOL | ||
| 080 | _a519.2(075.8) | ||
| 942 | _cKS | ||
| 008 | 080410s2007 pl a f f |000 0 pol | ||
| 999 |
_c55327 _d55327 |
||
| 856 |
_uhttp://koha.tu.koszalin.pl/cgi-bin/koha/opac-detail.pl?biblionumber=55327 _yKatalog online BPK |
||